| 000 | 00961cab a2200325 4500 | ||
|---|---|---|---|
| 001 | ABS57184 | ||
| 008 | 090401t1997 xxu||||| |||| 00| 0 eng d | ||
| 035 | _a(Sirsi) u79351 | ||
| 041 | _aeng | ||
| 245 | _aHong Kong | ||
| 260 | _c1997 | ||
| 350 | _a0 | ||
| 490 |
_aConstruction News _v(6521) 26 June 1997, 19-31(12) |
||
| 520 | _aSupplement reviewing the likely effects on the construction industry of the handover to China of Hong Kong looking in particular at infrastructure projects. | ||
| 650 | _aAIRPORTS | ||
| 650 | _aCHEK LAP KOK | ||
| 650 | _aCHINA | ||
| 650 | _aCONSTRUCTION INDUSTRY | ||
| 650 | _aHANDOVER | ||
| 650 | _aHONG KONG | ||
| 650 |
_aInfrastructure _96246 |
||
| 650 | _aLAND RECLAMATION | ||
| 650 | _aPORTS | ||
| 650 | _aRAILWAYS | ||
| 650 | _aPROPERTY-INFRASTRUCTURE-TRANSPORT INFRASTRUCTURE-ROAD INFRASTRUCTURE | ||
| 650 | _aVISAS | ||
| 690 | _aOVERSEAS-REST OF THE WORLD | ||
| 942 | _n0 | ||
| 948 | _c01/07/1997 | ||
| 999 |
_c49873 _d49873 |
||